000 00865nam a2200193 i 4500
001 76425
003 ES-MaACL
005 20230906172834.0
007 t|
008 041001s1968 sp ||||1| spa d
080 _a631.4(460)
100 1 _aGuerra Delgado, Antonio.
_960512
245 1 0 _aMapa de suelos, escala 1/1000000, Península y Baleares :
_bdescripción de las asociaciones y tipos principales de suelos /
_c[trabajo dirigido y preparado por Antonio Guerra Delgado ; con la colaboración de Francisco Guitián Ojea ... et al.].
260 _a[Madrid] :
_bConsejo Superior de Investigaciones Científicas, Instituto Nacional de Edafología y Agrobiología "José María Albareda",
_c[1968]
300 _aXIII, 119 p. ;
_c24 cm.
650 4 _aSuelos-
_zEspaña-
_vMapas.
_9176357
700 1 _aGuitián Ojea, Francisco.
_960910
852 4 _aES-MaACL
_jC-46640
999 _c76425
_d76425